Freedom to play (Record no. 85012)
[ view plain ]
| 000 -LEADER | |
|---|---|
| fixed length control field | 01343nam a2200325Ia 4500 |
| 082 04 - DEWEY DECIMAL CLASSIFICATION NUMBER | |
| Classification number | 790.1/922/0971/0904 |
| 245 00 - TITLE STATEMENT | |
| Title | Freedom to play |
| 260 ## - PUBLICATION, DISTRIBUTION, ETC. (IMPRINT) | |
| Place of publication | Waterloo, Ont. : |
| Name of publisher | Wilfrid Laurier University Press, |
| Year of publication | c2002. |
| 300 ## - PHYSICAL DESCRIPTION | |
| Number of Pages | xiii, 210 p. : |
| Other physical details | ill., ports. |
| 490 1# - SERIES STATEMENT | |
| Series statement | Studies in childhood and family in Canada |
| 650 #0 - SUBJECT ADDED ENTRY--TOPICAL TERM | |
| Topical Term | Amusements |
| Topical Term | Play |
| 700 1# - ADDED ENTRY--PERSONAL NAME | |
| Personal name | Lewis, Norah Lillian, |
| 856 40 - ELECTRONIC LOCATION AND ACCESS | |
| Uniform Resource Identifier | http://site.ebrary.com/lib/rucke/Doc?id=10135335 |
No items available.
